Top 100 des plus grandes villes d’Espagne - Statistiques

Statistiques générales
  • Ce quiz a été pris 142 fois
  • Le résultat moyen est 12 sur 100
Statistiques - réponses
Population Villes % Correct
3 277 451 Madrid
98%
1 627 559 Barcelone
97%
788 842 Valence
85%
345 749 Bilbao
76%
578 063 Malaga
65%
681 430 Saragosse
57%
233 680 Grenade
51%
334 887 Alicante
43%
294 650 Vigo
40%
101 648 Gérone
39%
322 327 Cordoue
38%
245 541 La Corogne
38%
424 837 Palma
37%
297 370 Valladolid
37%
172 000 Santander
31%
114 442 Cadix
30%
49 783 Ibiza
25%
200 273 Almería
23%
269 311 Gijón
23%
143 549 Salamanque
21%
50 893 Villarreal
18%
149 032 Marbella
16%
136 150 Tarragone
16%
122 398 León
15%
142 668 Huelva
13%
98 276 Lugo
11%
172 806 Albacete
10%
151 048 Badajoz
10%
111 915 Jaén
10%
68 721 Benidorm
9%
27 522 Eibar
9%
215 826 Carthagène
8%
213 616 Jerez de la Frontera
8%
83 052 Ceuta
6%
85 493 Melilla
6%
208 103 Santa Cruz de Ténérife
6%
380 667 Las Palmas de Gran Canaria
5%
104 578 Orense
5%
221 750 Badalona
4%
252 953 Vitoria-Gasteiz
4%
66 065 Ferrol
3%
195 570 Alcalá de Henares
2%
208 632 Móstoles
2%
33 877 Ronda
2%
216 759 Sabadell
2%
41 239 Antequera
1%
68 128 Benalmádena
1%
58 020 Motril
1%
51 494 Torrelavega
1%
116 895 Alcobendas
0%
24 191 Almonte
0%
7 443 Altsasu
0%
30 700 Arcos de la Frontera
0%
5 811 Arroyo de la Luz
0%
25 760 Caravaca de la Cruz
0%
7 605 Casetas
0%
172 637 Castelló de la Plana
0%
32 069 Castro-Urdiales
0%
16 583 Ciudad Quesada
0%
7 971 Corella
0%
16 783 Ejea de los Caballeros
0%
52 618 Elda
0%
39 471 Errenteria
0%
61 983 Granollers
0%
18 422 Guadix
0%
7 101 Huarte-Uharte
0%
25 600 Jumilla
0%
22 725 Languna de Duero
0%
7 938 La Pola
0%
20 342 Loja
0%
94 404 Lorca
0%
24 215 Martos
0%
9 607 Miajadas
0%
82 742 Mijas
0%
6 750 Moraleja
0%
5 333 Mutriku
0%
17 129 Navalmoral de la Mata
0%
11 963 Olivence
0%
11 289 Palos de la Frontera
0%
9 533 Piedras Blancas
0%
39 913 Plasence
0%
30 468 Puerto de la Cruz
0%
9 258 Puigcerdà
0%
20 254 Requena
0%
77 464 Rubí
0%
66 140 Sagonte
0%
6 292 San Adrián
0%
158 117 San Cristóbal de La Laguna
0%
12 139 Socuéllamos
0%
10 595 Tafalla
0%
7 371 Talayuela
0%
36 258 Tudela
0%
16 701 Tui
0%
5 397 Valencia de Alcántara
0%
67 086 Vilanova i la Geltrú
0%
25 667 Villanueva de la Serena
0%
25 184 Villarrobledo
0%
33 964 Villena
0%
7 193 Wikidatald
0%
34 432 Yecla
0%
Aucun quiz correspondant
Distribution des résultats
% des personnes avec chaque résultat
Percentile par nombre de réponses
Votre historique - résultats
Vous n’avez pas pris ce quiz